00326nam a2200133 a 4500008004100000050001500041100002200056245002300078246001600101260002400117350000900141650002800150650001400178120416s1992 ||||||||||||||||| || u aHC 800 Nta aNtalaja, Nzongola14aThe African crisis athe way out aHararebSAPESc1992 a0.00 aECONOMIC CRISIS--AFRICA 0aECONOMICS